00630nam a2200193Ia 4500008004100000020001800041082001200059100002000071245005600091250000700147260004700154300002300201500001900224600002000243650002000263942000700283952012900290999001700419240925s9999 xx 000 0 und d a9788121904346 a330 GUP aGupta, Suraj B. 0aMonetary Economics: institutions, theory and policy aNA aNew Delhi:bS. Chand & Company LTDc,1982. a284p.b0fOriginal aIncludes Index aSocial Sciences aSocial Sciences cBK 001040708SSaUITUbUITUd2019-07-02eAllied Book Companyg624.00l0o330 GUPpQ14898r2024-09-25 07:17:29w0000-00-00yBK c17397d17397